2019 F1 World Championship Race Winners - Statistics

General Stats
  • This quiz has been taken 32 times
  • The average score is 20 of 21
Answer Stats
Races Winners % Correct
Bahrain Lewis Hamilton
100%
China Lewis Hamilton
100%
Spain Lewis Hamilton
100%
Monaco Lewis Hamilton
100%
Canada Lewis Hamilton
100%
France Lewis Hamilton
100%
Great Britain Lewis Hamilton
100%
Hungary Lewis Hamilton
100%
Russia Lewis Hamilton
100%
Mexico Lewis Hamilton
100%
Abu Dhabi Lewis Hamilton
100%
Austria Max Verstappen
97%
Germany Max Verstappen
97%
Brazil Max Verstappen
97%
Belgium Charles Leclerc
93%
Italy Charles Leclerc
93%
Singapore Sebastian Vettel
93%
Australia Valtteri Bottas
93%
Azerbaijan Valtteri Bottas
93%
Japan Valtteri Bottas
93%
United States Valtteri Bottas
93%
No matching quizzes found
Score Distribution
Percent of People with Each Score
Percentile by Number Answered
Your Score History
You have not taken this quiz